000 00562nam a2200181Ia 4500
008 090124s9999 xx 000 0 und d
082 _b27097
100 _aजागीरदार गजानन
245 _a पाऊलखुणा
250 _a1
260 _bमॅजेस्कि बुक स्टॅाल
_c1986
300 _a260
600 _aजागीरदार गजानन
630 _a पाऊलखुणा
700 _aजागीरदार गजानन
730 _a पाऊलखुणा
942 _cBOOK
999 _c94307
_d94307